000 00703nam a2200289Ia 4500
005 20260324150509.0
008 008 260324s9999 xx 000 0 eng d
020 _a9780203787045
037 _aEBOOK
040 _aCRL
040 _beng
040 _cCRL
041 _2eng
041 _aeng
084 _qCRL
100 _aClaudine G. Wirths; Richard A. Williams
_91226623
245 0 _aLives Through the Years
245 0 _bStyles of Life and Successful Aging
260 _bTaylor and Francis
260 _c1965
365 _a
365 _b230
856 _uhttp://www.taylorfrancis.com/books/9780203787045
942 _cEBOOK
999 _c1836167
_d1836167